[Event "RUS-chT U14 Girls"]
[Site "Sochi"]
[Date "2017.05.04"]
[Round "3.2"]
[White "Fairuzova, Zulfiiya"]
[Black "Lintsova, Liliya"]
[Result "0-1"]
[WhiteElo "1677"]
[BlackElo "1528"]
[PlyCount "84"]
[EventDate "2017.05.01"]
[EventType "team-tourn"]
[EventRounds "7"]
[EventCountry "RUS"]
[SourceTitle "CBM 178 Extra"]
[Source "ChessBase"]
[SourceDate "2017.06.22"]
[SourceVersion "1"]
[SourceVersionDate "2017.06.22"]
[SourceQuality "1"]

1. d4 d5 2. c4 c6 3. Nc3 dxc4 4. a4 e5 5. d5 Bb4 6. e4 Nf6 7. Bg5 0-0 8. Bxf6 Qxf6 9. Bxc4 Rd8 10. Qc2 Qg5 11. g3 a5 12. h4 Qf6 13. Rd1 Bd7 14. Nge2 Bg4 15. Rd3 Bf3 16. Rxf3 Qxf3 17. Rf1 Rc8 18. Qd3 Qxd3 19. Bxd3 Rd8 20. Bc4 Nd7 21. dxc6 bxc6 22. f4 Ra7 23. Kf2 Kf8 24. Rd1 Ke7 25. Nc1 f6 26. Nd3 Bxc3 27. bxc3 Nc5 28. Ke3 Nxd3 29. Bxd3 Rad7 30. f5 c5 31. c4 Rb7 32. g4 Rb3 33. Rd2 Ra3 34. g5 Rxa4 35. g6 h6 36. h5 Rb4 37. Ra2 Rb3 38. Rd2 a4 39. Ke2 a3 40. Bc2 Rxd2+ 41. Kxd2 a2 42. Bxb3 a1Q 0-1